000 00322nam a22001457a 4500
020 _a81-8423-049-4
082 _a894.812
_bVAI/K
100 _aVAILOPPILLY
245 _aKAVYALOKA SMARANAKAL
260 _aTHRISSUR
_bGREEN BOOKS
_c2008
300 _a171
505 _aAUTOBIOGRAPHY
520 _aAUTOBIOGRAPHY
942 _cBK
999 _c5575
_d5575